000 00895nam a22002297a 4500
999 _c65418
_d65418
005 20240530110823.0
008 190711s2019 ua a g 000 0 ara d
017 _bمصر. دار الكتب
_a2018/8959
020 _a9789778122770
040 _aEG-CaGPL
_cEG-CaGPL
082 0 4 _221
_a953.075 /
_bف ب
100 0 _aفيصل سيد طه حافظ
245 1 0 _aبنو سامة :
_bصفحات من تاريخ عمان وبلاد الهند فى العصر الاسلامى /
_cفيصل سيد طه حافظ
250 _aط.1
260 _aالقاهرة :
_bالمكتب العربى للمعارف،
_c2019 .
300 _a207 ص. :
_bايض. ؛
_c24 سم.
650 0 7 _2qrmak
_aبنو سامة
651 0 7 _aعمان
_xتاريخ
_zالعصر الاسلامى
_2qrmak
651 0 7 _aالهند
_xتاريخ
_2qrmak
942 _2ddc
_cBK